[Event "Ramat Gan Shavuot op"]
[Site "Ramat Gan"]
[Date "2023.05.25"]
[Round "5"]
[White "Parkhov, Yair"]
[Black "Levitan, Tal"]
[Result "1-0"]
[WhiteElo "2505"]
[BlackElo "2328"]
[PlyCount "77"]
[EventDate "2023.05.25"]
[EventType "swiss (rapid)"]
[EventRounds "6"]
[EventCountry "ISR"]
[SourceTitle "CBM 214 Extra"]
[Source "ChessBase"]
[SourceDate "2023.07.31"]
[SourceVersion "1"]
[SourceVersionDate "2023.07.31"]
[SourceQuality "1"]

1. Nf3 d5 2. c4 e6 3. e3 Nf6 4. b3 Be7 5. Bb2 0-0 6. Nc3 b6 7. cxd5 exd5 8. g3 Bb7 9. Bg2 c5 10. d4 Nbd7 11. 0-0 Rc8 12. Rc1 Ne4 13. Ne2 Ba6 14. Re1 c4 15. bxc4 Rxc4 16. Rxc4 Bxc4 17. a3 Bd6 18. Nd2 Nxd2 19. Qxd2 Qe7 20. Nc3 Nf6 21. e4 Bxa3 22. e5 Ne4 23. Nxe4 dxe4 24. Bxe4 Bxb2 25. Qxb2 Rd8 26. Bxh7+ Kxh7 27. Qc2+ Kg8 28. Qxc4 Qd7 29. Rd1 b5 30. Qc5 a5 31. d5 a4 32. d6 Rc8 33. Qa3 Qg4 34. Rc1 Ra8 35. Qd3 Qg5 36. f4 Qd8 37. Qd5 a3 38. d7 a2 39. Qxa8 1-0